000 01647nam a22004097a 4500
003 CHAP
005 20220329143832.0
008 111116s2011 mx r 00010 spa d
010 _a102543
011 _a103515
035 _a114204
040 _cCHAP
090 _aTesis
100 1 _aContreras Tinoco, David
_927543
245 1 0 _aCaracterización tecnica y economica en la finalización de bovinos en Texcoco, México
_h[En línea]
_c/por David Contreras Tinoco
260 _aChapingo, Méx. :
_bEl autor,
_c2011
500 _aPara ver el contenido del material haga clic en la liga
502 _aTesis (Ing. Agr. Esp. en Zootecnia) -- UACH. Departamento de Enseñanza, Investigación y Servicio en Zootecnia
590 _aALEPH
_b10
_c20130110
_lUCH01
_h1543
590 _aBATCH-UPD
_b10
_c20130110
_lUCH01
_h1301
590 _aBATCH-UPD
_b10
_c20130410
_lUCH01
_h0819
590 _aBATCH-UPD
_b10
_c20130914
_lUCH01
_h1039
590 _aBATCH-UPD
_b10
_c20140324
_lUCH01
_h1528
590 _aBATCH-UPD
_b10
_c20141002
_lUCH01
_h0851
590 _aBATCH
_b00
_c20181121
_lUCH01
_h0759
590 _aCONVERSION
_b10
_c20130109
_lUCH01
_h1356
650 1 4 _aGanado vacuno
_xAspectos económicos.
_945436
650 1 4 _aGanado vacuno
_xEngorda.
_945461
650 1 4 _aGanado vacuno
_xMatanza.
_945478
650 1 4 _aGanado vacuno
_xMéxico (Edo.)
_945494
856 _3Finding aid
_uhttp://10.13.5.2/tesis/114204.pdf
_zTeclea aqui
856 _a1
_n0001703
901 _aBK
942 _cFOLL
949 _aTesis
_bBC
_cTES
_d33724002313545
_eTS1
_gDonaciØn
_h53029
_i114204
_st
949 _aTesis
_bBC
_cTES
_d33724002313587
_eTS2
_fc.2
_gDonaciØn
_h53030
_i114204
_st
999 _c102543
_d102543